| 000 | 00466nam a2200169Ia 4500 | ||
|---|---|---|---|
| 003 | GCL | ||
| 008 | 140319s9999 xx 000 0 ara d | ||
| 040 |
_aGCL / _cGCL |
||
| 082 | 0 | 4 |
_aد _b050 |
| 100 | 1 | _aعباس محمود العقاد | |
| 245 | 1 | 0 |
_aبرناردو شو ( اقرا 89 ) / _cعباس محمود العقاد |
| 300 | _a188 ص | ||
| 490 |
_aوثائق ونصوص _v0 |
||
| 650 | 0 | 4 | _aالادباء |
| 650 | 0 | 4 | _aبرناردشو |
| 942 |
_2ddc _cCF |
||
| 999 |
_c27183 _d27183 |
||